The chance #4 [Large Print]/ Robyn Carr.
Available copies
- 0 of 1 copy available at LARL/NWRL Consortium.
- 0 of 1 copy available at Lake Agassiz Regional Library. (Show preferred library)
Current holds
0 current holds with 1 total copy.
View other formats and editions
Show Only Available Copies
| Location | Call Number / Copy Notes | Barcode | Shelving Location | Status | Due Date |
|---|---|---|---|---|---|
| Detroit Lakes Public Library | LARGE PRINT CAR (Text) | 33500011817723 | Main | Checked out | 04/29/2026 |
Record details
- ISBN: 9781410466785 (hardcover)
- ISBN: 1410466787 (hardcover)
- Physical Description: 465 pages ; 23 cm.
- Edition: Large Print edition.
- Publisher: Waterville, Maine : Wheeler Publishing, A part of Gale, Cengage Learning, 2014.
Content descriptions
| Summary, etc.: | "With its breathtaking vistas and down-to-earth ... Read More |
Search for related items by subject
| Genre: | Love stories. |
Search for related items by series
| LDR | 02914cam a22004938i 4500 | ||
|---|---|---|---|
| 001 | 163980 | ||
| 003 | LARL_NWRL_CONSORTIUM | ||
| 005 | 20140320133047.0 | ||
| 008 | 140110s2014 meu d 000 1 eng | ||
| 020 | . | ‡a9781410466785 (hardcover) | |
| 020 | . | ‡a1410466787 (hardcover) | |
| 035 | . | ‡a(OCoLC)865496404 | |
| 042 | . | ‡apcc | |
| 043 | . | ‡an-us-or | |
| 082 | 0 | 0. | ‡a813/.54 ‡223 |
| 100 | 1 | . | ‡aCarr, Robyn, ‡eauthor. ‡0(LARL_NWRL_CONSORTIUM)60624 |
| 245 | 1 | 4. | ‡aThe chance ‡n#4 ‡h[Large Print]/ ‡cRobyn Carr. |
| 250 | . | ‡aLarge Print edition. | |
| 260 | . | ‡aWaterville, Maine : ‡bWheeler Publishing, A part of Gale, Cengage Learning, ‡c2014. | |
| 263 | . | ‡a1403 | |
| 300 | . | ‡a465 pages ; ‡c23 cm. | |
| 336 | . | ‡atext ‡2rdacontent | |
| 337 | . | ‡aunmediated ‡2rdamedia | |
| 338 | . | ‡avolume ‡2rdacarrier | |
| 490 | 0 | . | ‡aThunder Point ; ‡v4 |
| 520 | . | ‡a"With its breathtaking vistas and down-to-earth people, Thunder Point is the perfect place for FBI agent Laine Carrington to recuperate from a gunshot wound and contemplate her future. The locals embraced Laine as one of their own after she risked her life to save a young girl from a dangerous cult. Knowing her wounds go beyond the physical, Laine hopes she'll fit in for a while and find her true self in a town that feels safe. She may even learn to open her heart to others, something an undercover agent has little time to indulge. Eric Gentry is also new to Thunder Point. Although he's a man with a dark past, he's determined to put down roots and get to know the daughter he only recently discovered. When Laine and Eric meet, their attraction is obvious to everyone. But while the law enforcement agent and the reformed criminal want to make things work, their differences may run too deep-- unless they take a chance on each other and find that deep and mysterious bond that belongs to those who choose love over fear" -- ‡cfrom publisher's web site. | |
| 610 | 1 | 0. | ‡aUnited States. ‡bFederal Bureau of Investigation ‡xOfficials and employees ‡vFiction. |
| 650 | 0. | ‡aSingle women ‡zOregon ‡vFiction. | |
| 650 | 0. | ‡aSingle fathers ‡zOregon ‡vFiction. | |
| 650 | 0. | ‡aWomen ‡xWounds and injuries ‡vFiction. | |
| 650 | 0. | ‡aMan-woman relationships ‡vFiction. ‡0(LARL_NWRL_CONSORTIUM)165985 | |
| 651 | 0. | ‡aOregon ‡vFiction. ‡0(LARL_NWRL_CONSORTIUM)166530 | |
| 650 | 0. | ‡aLarge type books. ‡0(LARL_NWRL_CONSORTIUM)24284 | |
| 655 | 7. | ‡aLove stories. ‡2gsafd | |
| 901 | . | ‡a163980 ‡bOCLC ‡c163980 ‡tbiblio | |

Add to basket
Permalink
Disable Highlighting